00601nam a2200169 a 450000100100000000500170001000800410002702000150006804000250008308200150010824500630012326000490018630000320023550500340026795201130030199900170041400004186520201002035811.0131018s20uu dr ac 000 0 spa d a9993493406 aDO-SdBNPbspacBNPHU axxxxbxxxx00aManual de cultivo y conservación de plantas medicinales. aSanto Domingo, :bGraphic colonial,c[20uu]. av. :bil., restr. ;c21 cm.2 tÁrboles dominicanosgv. III 0010718PDaPDbPDcCTd2013-10-18iLF1l0oxxxx xxxxp41865-10r2020-06-25w2020-06-25yLFPDZNo se presta c41354d41354